Cryogenic Systems / (Record no. 31975)

000 -LEADER
fixed length control field 00543 a2200205 4500
003 - CONTROL NUMBER IDENTIFIER
control field OSt
005 - DATE AND TIME OF LATEST TRANSACTION
control field 20260202165353.0
008 - FIXED-LENGTH DATA ELEMENTS--GENERAL INFORMATION
fixed length control field 260202b ||||| |||| 00| 0 eng d
020 ## - INTERNATIONAL STANDARD BOOK NUMBER
International Standard Book Number 0-19-503567-4
040 ## - CATALOGING SOURCE
Transcribing agency .
082 ## - DEWEY DECIMAL CLASSIFICATION NUMBER
Classification number 621.59
Item number B2771
100 ## - MAIN ENTRY--PERSONAL NAME
9 (RLIN) 6540
Personal name Barron, Randall F.
245 ## - TITLE STATEMENT
Title Cryogenic Systems /
Statement of responsibility, etc. by Randall F. Barron
250 ## - EDITION STATEMENT
Edition statement 2nd ed.
260 ## - PUBLICATION, DISTRIBUTION, ETC.
Name of publisher, distributor, etc. Oxford University Press,
Place of publication, distribution, etc. New York :
Date of publication, distribution, etc. 1985.
300 ## - PHYSICAL DESCRIPTION
Extent 507 p.
650 #0 - SUBJECT ADDED ENTRY--TOPICAL TERM
9 (RLIN) 147
Topical term or geographic name entry element Engineering
9 (RLIN) 6541
Topical term or geographic name entry element Low temperature technology
942 ## - ADDED ENTRY ELEMENTS (KOHA)
Source of classification or shelving scheme
Koha item type Books
Holdings
Withdrawn status Lost status Source of classification or shelving scheme Damaged status Not for loan Collection code Permanent Location Current Location Shelving location Date acquired Source of acquisition Cost, normal purchase price Full call number Barcode Date last seen Cost, replacement price Price effective from Koha item type
          Non-fiction IMU Kolkata IMU Kolkata Reference 2026-02-10 27 19156.83 621.59 B2771 14606 2026-02-10 25542.45 2026-02-10 Books
Designed and Maintained by IMU-KC Library, Kolkata Campus © Copyright All Rights Reserved

webs counters

Powered by Koha